Normal view
MARC view
- Choudhury G.W
Entry Personal Name
001 - CONTROL NUMBER
- control field: 502
003 - CONTROL NUMBER IDENTIFIER
- control field: NUST
005 - DATE AND TIME OF LATEST TRANSACTION
- control field: 20170511134025.0
008 - FIXED-LENGTH DATA ELEMENTS
- fixed length control field: 170511|| aca||aabn | a|a d
040 ## - CATALOGING SOURCE
- Original cataloging agency: NUST
- Transcribing agency: NUST
100 ## - HEADING--PERSONAL NAME
- Personal name: Choudhury G.W
670 ## - SOURCE DATA FOUND
- Source citation: Work cat.: (NUST)23590: Choudhury G.W, Constitutional development in Pakistan, c1957
